| 000 | 00544nam a2200193 a 4500 | ||
|---|---|---|---|
| 005 | 20210223123901.0 | ||
| 008 | 991125n 000 0 spa u | ||
| 035 | _aUPN01000077091 | ||
| 100 | 1 |
_aGonzález Cuberes, María Teresa, _d1941- _928881 |
|
| 222 | _aLA EDUCACION EN LOS PRIMEROS AяS | ||
| 245 | _aEs posible desanudar el ambiente educativo? | ||
| 300 | _a32-51 | ||
| 362 | 0 | _a1999 2 (16) | |
| 653 | 0 | _aAMBIENTE ESCOLAR | |
| 653 | 0 | _aEDUCACION INICIAL | |
| 653 | 0 | _aJARDIN DE NIÑOS | |
| 904 |
_aAC _b014902 |
||
| 905 | _aArticulo | ||
| 999 |
_c68019 _d68019 |
||